000 00891nam a2200217Ia 4500
999 _c39442
_d39442
001 6033
003 GE_BSU
005 20190904132748.0
008 181216s1958||||ge |||||||||||||| ||geo||
040 _cGE_BSU
041 _ageo
080 _a821.353.1-2 ა-26
100 _aადამია, ალიო
_93893
245 _aმსახიობის სიკვდილი :
_bდრამა 4 მოქმედებად, 5 სურათად /
_cალიო ადამია ; რედ. ალ. ბურთიკაშვილი.
264 _aთბილისი :
_bხელოვნება ;
_c1958.
300 _a48 გვ. ;
_c20 სმ.
653 _aმსახიობის სიკვდილი
653 _aდრამა
700 _a ბურთიკაშვილი, ალ.
_eრედაქტორი
_93895
942 _cBK
_2udc